000
00293nam a2200121Ia 4500
005
20251222140030.0
008
251222s1900||||xx |||||||||||||| ||spa||
082
_a
193/S63
100
_a
Sobrevilla, David
245
0
_a
Cuadernos de FilosofĂa I:
264
_b
Universidad de Lima
942
_c
LIB
999
_c
2930
_d
2930